000 00470nam a2200181Ia 4500
001 24712
005 20260414151101.0
008 260414t2018||||xx |||||||||||||| ||spa||
041 _aESP
082 _a345.726
_bG312
100 _aGaceta Jurídica
_eAUT
245 0 _aMedios impugnatorios en el proceso civil en la jurisprudencia casatoria
_b
260 _c2018
300 _a493 páginas :
_c25 cm.
650 _aDER
654 _aCDE
942 _cLIB
_dJUS
_fJUS
_2ddc
_n
999 _c24712
_d24712